00577cam a22001337a 4500008004000000082002500040100002500065245010100090260007300191300001100264440005900275650008100334650002800415180718b1992 xxu||||| |||| 00| 0 eng d aA81x54 91/11/PT12B/U aCensus of India 1991 aKarnataka district census handbook, Uttara Kannada: village and townwise primary census abstract aBangalorebThe Director of Printing, Stationery & Publicationsc1992 a349+p. aCensus of India 1991. Series-11, Karnataka. Part XII-B aCities and towns - Directories - Census - India - Karnataka - Uttara Kannada aUttara Kannada - Census